| 000 | 00485nam a22001817a 4500 | ||
|---|---|---|---|
| 003 | NUST - PNEC | ||
| 005 | 20170116181017.0 | ||
| 008 | 150914b xxu||||| |||| 00| 0 eng d | ||
| 020 | _a9971848732 | ||
| 040 | _cLIBRARY | ||
| 082 | _a621.381502 SEM | ||
| 100 |
_910476 _aSemicon Indexes Limited |
||
| 245 |
_aInternational integrated circuits index _cSemicon Indexes Limited |
||
| 250 | _a6th ed. | ||
| 260 | _c1987 | ||
| 650 |
_910250 _aIntegrated circuits _xEE |
||
| 942 |
_2ddc _cBK |
||
| 999 |
_c67286 _d67286 |
||